Palmeiras Best Scorer By Year - Statistics

General Stats
  • This quiz has been taken 355 times
    57 since last reset
  • The average score is 16 of 49
Answer Stats
Player % Correct
Vitor Roque
95%
Raphael Veiga
89%
Dudu
84%
Estevão
82%
Rony
79%
Endrick
76%
Edmundo
74%
Edmundo
74%
Evair
71%
Gabriel Jesus
71%
Rivaldo
53%
Bruno Henrique
50%
Henrique
47%
Luís Henrique
47%
Hernán Barcos
45%
Oséas
45%
Willian
45%
Djalminha
42%
Alex Mineiro
37%
Kléber
34%
Leivinha
34%
Lopes
32%
Obina
26%
Chiqui Arce
24%
Edílson
24%
Paulo Baier
18%
Jorge Mendonça
16%
Mirandinha
16%
Luan
13%
Nei
13%
Marcinho
11%
Mendonça
11%
Tuta
11%
Caio
8%
Mário
8%
Paulinho
8%
Baroninho
5%
Betinho
5%
Careca Bianchesi
5%
Carlos Alberto Seixas
5%
Edu Marangon
5%
Fedato
5%
Gaúcho
5%
Reinaldo Xavier
5%
Barbosa
3%
Bizu
3%
César Augusto
3%
Osmar Aparecido
3%
Toninho
3%
No matching quizzes found
Score Distribution
Percent of People with Each Score
Percentile by Number Answered
Your Score History
You have not taken this quiz since the last reset